ՀՀ Գիտությունների ազգային ակադեմիայի հիմնարար գիտական գրադարան  =   Fundamental Scientific Library of NAS RA

Ափարիկս : (Record no. 316594)

MARC details
000 -LEADER
fixed length control field 01006nam a2200241 a 4500
001 - CONTROL NUMBER
control field 000921567
003 - CONTROL NUMBER IDENTIFIER
control field AM-YeHGA
005 - DATE AND TIME OF LATEST TRANSACTION
control field 20250618074131.0
008 - FIXED-LENGTH DATA ELEMENTS--GENERAL INFORMATION
fixed length control field 121022s2012 ai r 000 0 arm d
020 ## - INTERNATIONAL STANDARD BOOK NUMBER
International Standard Book Number 9789939601335
040 ## - CATALOGING SOURCE
Original cataloging agency AM-YeHGA
041 0# - LANGUAGE CODE
Language code of text/sound track or separate title arm
090 ## - LOCALLY ASSIGNED LC-TYPE CALL NUMBER (OCLC); LOCAL CALL NUMBER (RLIN)
-- 318322
100 1# - MAIN ENTRY--PERSONAL NAME
Personal name Ազնավուր-Կառվարենց, Աիդա
245 10 - TITLE STATEMENT
Title Ափարիկս :
Remainder of title Իմ փոքրիկ եղբայրը։ Հուշավեպ /
Statement of responsibility, etc. Ա. Ազնավուր-Կառվարենց; Թարգմ.՝ Գ. Ջանիկյան; Խմբ.՝ Ա. Բասմաջյան.
260 ## - PUBLICATION, DISTRIBUTION, ETC.
Place of publication, distribution, etc. Երևան :
Name of publisher, distributor, etc. ՎՄՎ-Պրինտ,
Date of publication, distribution, etc. 2012.
300 ## - PHYSICAL DESCRIPTION
Extent 232 էջ :
Other physical details 9 ներդ. թ. գուն. լուսանկ. ;
Dimensions 21 սմ.
504 ## - BIBLIOGRAPHY, ETC. NOTE
Bibliography, etc. note Ծանոթագր.՝ էջ 229-231
600 14 - SUBJECT ADDED ENTRY--PERSONAL NAME
Personal name Ազնավուր, Շառլ,
Dates associated with a name 1924-
650 14 - SUBJECT ADDED ENTRY--TOPICAL TERM
Topical term or geographic name entry element Ֆրանսիական հուշագրություն
650 14 - SUBJECT ADDED ENTRY--TOPICAL TERM
Topical term or geographic name entry element Սփյուռքահայ հուշագրություն
700 1# - ADDED ENTRY--PERSONAL NAME
Personal name Ջանիկյան, Գրիգոր Նազարի,
Dates associated with a name 1944-
Relator term թարգմ.
Relationship trl
9 (RLIN) 2769
Holdings
Withdrawn status Lost status Damaged status Not for loan Collection Home library Current library Date acquired Cost, normal purchase price Shelving control number Total checkouts Full call number Barcode Date last seen Price effective from Koha item type Public note
        General Fundamental Scientific Library Fundamental Scientific Library 09/01/2017 3000.00     AII/98195 FL0224184 09/01/2017 09/01/2017 Գրքեր / Books 30 Days Loan
        General Fundamental Scientific Library Fundamental Scientific Library 09/01/2017 3000.00     AII/98196 FL0224301 09/01/2017 09/01/2017 Գրքեր / Books 30 Days Loan


ՀՀ ԳԱԱ հիմնարար գիտական գրադարան
ՀՀ,Երևան 0019
Մարշալ Բաղրամյան 24/6
հեռախոս:(374-10) 52-47-50
Հետադարձ կապ

All site content, except where otherwise noted, is licensed under a
Creative Commons License